[Event "Bundesliga 9798"]
[Site "Deutschland"]
[Date "1997.??.??"]
[Round "?.7"]
[White "Vogt, Lothar"]
[Black "Backwinkel, Paul"]
[Result "1/2-1/2"]
[WhiteElo "2515"]
[BlackElo "2395"]
[PlyCount "45"]
[EventDate "1997.10.??"]
[EventType "team"]
[EventRounds "15"]
[EventCountry "GER"]
[SourceTitle "Bundesliga 9798"]
[Source "DeepChess"]
[SourceDate "2005.01.01"]
[SourceVersion "1"]
[SourceVersionDate "2005.01.01"]
[SourceQuality "1"]
[WhiteTeam "SG Porz e.V."]
[BlackTeam "SG Bochum 31"]
[WhiteTeamCountry "GER"]
[BlackTeamCountry "GER"]

1. e4 e6 2. d4 d5 3. Nc3 Nf6 4. Bg5 dxe4 5. Nxe4 Be7 6. Bxf6 gxf6 7. Bc4 c6 8.
Nf3 Nd7 9. Qe2 Qa5+ 10. Nfd2 Nb6 11. Bb3 Bd7 12. O-O-O O-O-O 13. c4 Kb8 14. c5
Nc8 15. Qf3 f5 16. Ng3 Be8 17. Nc4 Qc7 18. Nh5 Rg8 19. g3 Rg4 20. Qc3 Rg5 21.
Qf3 Rg4 22. Qc3 Rg5 23. Qf3 1/2-1/2

[Event "Bundesliga 9798"]
[Site "Deutschland"]
[Date "1997.??.??"]
[Round "?.8"]
[White "Ankerst, Mihael"]
[Black "Van der Wiel, John TH"]
[Result "0-1"]
[WhiteElo "2350"]
[BlackElo "2525"]
[PlyCount "66"]
[EventDate "1997.10.??"]
[EventType "team"]
[EventRounds "15"]
[EventCountry "GER"]
[SourceTitle "Bundesliga 9798"]
[Source "DeepChess"]
[SourceDate "2005.01.01"]
[SourceVersion "1"]
[SourceVersionDate "2005.01.01"]
[SourceQuality "1"]
[WhiteTeam "SG Bochum 31"]
[BlackTeam "SG Porz e.V."]
[WhiteTeamCountry "GER"]
[BlackTeamCountry "GER"]

1. e4 c5 2. Nf3 Nc6 3. Nc3 g6 4. d4 cxd4 5. Nxd4 Bg7 6. Be3 Nf6 7. Bc4 O-O 8.
Bb3 a5 9. f3 d5 10. Bxd5 Nxd5 11. exd5 Nb4 12. Nde2 Bf5 13. Rc1 b5 14. a3 Bxc2
15. Rxc2 Nxc2+ 16. Qxc2 b4 17. axb4 axb4 18. Nd1 Qxd5 19. O-O Rfd8 20. Nf2 Rac8
21. Qe4 Qxe4 22. Nxe4 Rc2 23. Kf2 f5 24. Ng5 Bxb2 25. f4 Bf6 26. Nf3 b3 27. Rb1
b2 28. Ne5 Bxe5 29. fxe5 f4 30. Bxf4 Ra8 31. Bc1 bxc1=Q 32. Rxc1 Rxc1 33. Nxc1
Kf7 0-1

[Event "Bundesliga 9798"]
[Site "Deutschland"]
[Date "1998.??.??"]
[Round "?.4"]
[White "Schmittdiel, Eckhard"]
[Black "Wells, Peter K"]
[Result "1/2-1/2"]
[WhiteElo "2450"]
[BlackElo "2530"]
[PlyCount "83"]
[EventDate "1997.10.??"]
[EventType "team"]
[EventRounds "15"]
[EventCountry "GER"]
[SourceTitle "Bundesliga 9798"]
[Source "DeepChess"]
[SourceDate "2005.01.01"]
[SourceVersion "1"]
[SourceVersionDate "2005.01.01"]
[SourceQuality "1"]
[WhiteTeam "SG Bochum 31"]
[BlackTeam "SK Passau 1869"]
[WhiteTeamCountry "GER"]
[BlackTeamCountry "GER"]

1. e4 e5 2. Nf3 Nc6 3. Bb5 a6 4. Ba4 Nf6 5. O-O Be7 6. Re1 b5 7. Bb3 d6 8. c3
O-O 9. h3 Nd7 10. d4 Bf6 11. a4 Bb7 12. Be3 Na5 13. Bc2 Nc4 14. Bc1 d5 15. exd5
Bxd5 16. b3 Bxf3 17. Qxf3 Nd6 18. Qd3 g6 19. axb5 axb5 20. Rxa8 Qxa8 21. Ba3
exd4 22. cxd4 Qa5 23. Qc3 Qxc3 24. Nxc3 Bxd4 25. Re7 Bxc3 26. Bxd6 cxd6 27.
Rxd7 Ra8 28. Rxd6 Ra2 29. Bd3 Ra1+ 30. Bf1 Rb1 31. b4 Rxb4 32. Rd5 Rf4 33. Bxb5
Bd4 34. g3 Bxf2+ 35. Kg2 Rf6 36. Rd3 Bb6 37. Rf3 Rd6 38. Bc4 Rd7 39. h4 Kg7 40.
h5 Bd8 41. hxg6 hxg6 42. Rd3 1/2-1/2

[Event "Bundesliga 9798"]
[Site "Deutschland"]
[Date "1998.??.??"]
[Round "?.5"]
[White "Pichler, Juergen"]
[Black "Bosch, Jeroen"]
[Result "1/2-1/2"]
[WhiteElo "2395"]
[BlackElo "2405"]
[PlyCount "42"]
[EventDate "1997.10.??"]
[EventType "team"]
[EventRounds "15"]
[EventCountry "GER"]
[SourceTitle "Bundesliga 9798"]
[Source "DeepChess"]
[SourceDate "2005.01.01"]
[SourceVersion "1"]
[SourceVersionDate "2005.01.01"]
[SourceQuality "1"]
[WhiteTeam "SK Passau 1869"]
[BlackTeam "SG Bochum 31"]
[WhiteTeamCountry "GER"]
[BlackTeamCountry "GER"]

1. d4 d5 2. Nf3 Nf6 3. c4 dxc4 4. e3 Bg4 5. Bxc4 e6 6. h3 Bh5 7. Nc3 Nbd7 8.
O-O Bd6 9. b3 O-O 10. Bb2 a6 11. Be2 Qe7 12. Nd2 Bxe2 13. Qxe2 c5 14. Nde4 Nxe4
15. Nxe4 cxd4 16. Nxd6 Qxd6 17. Rfd1 Nf6 18. Rxd4 Qe7 19. Rad1 Rfd8 20. Qd3
Rxd4 21. Qxd4 h6 1/2-1/2

[Event "Bundesliga 9798"]
[Site "Deutschland"]
[Date "1998.??.??"]
[Round "?.7"]
[White "Gross, David2"]
[Black "Backwinkel, Paul"]
[Result "1/2-1/2"]
[WhiteElo "2305"]
[BlackElo "2395"]
[PlyCount "129"]
[EventDate "1997.10.??"]
[EventType "team"]
[EventRounds "15"]
[EventCountry "GER"]
[SourceTitle "Bundesliga 9798"]
[Source "DeepChess"]
[SourceDate "2005.01.01"]
[SourceVersion "1"]
[SourceVersionDate "2005.01.01"]
[SourceQuality "1"]
[WhiteTeam "SK Passau 1869"]
[BlackTeam "SG Bochum 31"]
[WhiteTeamCountry "GER"]
[BlackTeamCountry "GER"]

1. e4 g6 2. d4 c6 3. Nc3 d5 4. h3 dxe4 5. Nxe4 Nd7 6. Nf3 Ngf6 7. Nxf6+ Nxf6 8.
Bc4 Bg7 9. O-O O-O 10. c3 Qc7 11. a4 c5 12. dxc5 Qxc5 13. Qe2 b6 14. Be3 Qc7
15. Bd4 Bb7 16. Ba6 Bxa6 17. Qxa6 Nd7 18. a5 e5 19. Be3 Rfb8 20. Rfd1 Rb7 21.
Rd5 bxa5 22. Qxa5 Nb6 23. Rc5 Qd7 24. Qb5 f6 25. Nd2 Rd8 26. Qxd7 Rdxd7 27. b4
Bf8 28. Rc6 Nd5 29. Ne4 f5 30. Nf6+ Nxf6 31. Rxf6 Rbc7 32. Rfa6 Rxc3 33. Rxa7
Rxa7 34. Rxa7 f4 35. Bc5 Bxc5 36. bxc5 Rxc5 37. Re7 h5 38. f3 Kf8 39. Ra7 Rd5
40. Kf2 Rd2+ 41. Kf1 Rd5 42. Ke2 Ke8 43. Rb7 Rd7 44. Rb5 Re7 45. Kd3 Kf7 46.
Ke4 Kf6 47. h4 Re6 48. Ra5 Rb6 49. Ra4 Ke6 50. Rc4 Ra6 51. Rb4 Kd6 52. Rb1 Ra4+
53. Kd3 Ra3+ 54. Ke2 Ra2+ 55. Kf1 Ke6 56. Kg1 Ra6 57. Rb4 Ra1+ 58. Kh2 Re1 59.
Rb6+ Kf5 60. Rb5 Rd1 61. Ra5 Re1 62. Rb5 g5 63. hxg5 Kxg5 64. Ra5 h4 65. Ra8
1/2-1/2

[Event "Bundesliga 9798"]
[Site "Deutschland"]
[Date "1998.??.??"]
[Round "?.2"]
[White "Cvitan, Ognjen"]
[Black "Keitlinghaus, Ludger"]
[Result "1/2-1/2"]
[WhiteElo "2570"]
[BlackElo "2525"]
[PlyCount "26"]
[EventDate "1997.10.??"]
[EventType "team"]
[EventRounds "15"]
[EventCountry "GER"]
[SourceTitle "Bundesliga 9798"]
[Source "DeepChess"]
[SourceDate "2005.01.01"]
[SourceVersion "1"]
[SourceVersionDate "2005.01.01"]
[SourceQuality "1"]
[WhiteTeam "SK Zaehringen 1921"]
[BlackTeam "SG Bochum 31"]
[WhiteTeamCountry "GER"]
[BlackTeamCountry "GER"]

1. d4 d5 2. c4 c6 3. Nf3 Nf6 4. cxd5 cxd5 5. Nc3 Nc6 6. Bf4 Nh5 7. Bd2 Nf6 8.
Rc1 e6 9. e3 Bd6 10. Bd3 O-O 11. O-O Bd7 12. a3 e5 13. Nb5 Bb8 1/2-1/2

[Event "Bundesliga 9798"]
[Site "Deutschland"]
[Date "1998.??.??"]
[Round "?.3"]
[White "Bosch, Jeroen"]
[Black "Siegel, Georg"]
[Result "1/2-1/2"]
[WhiteElo "2405"]
[BlackElo "2540"]
[PlyCount "50"]
[EventDate "1997.10.??"]
[EventType "team"]
[EventRounds "15"]
[EventCountry "GER"]
[SourceTitle "Bundesliga 9798"]
[Source "DeepChess"]
[SourceDate "2005.01.01"]
[SourceVersion "1"]
[SourceVersionDate "2005.01.01"]
[SourceQuality "1"]
[WhiteTeam "SG Bochum 31"]
[BlackTeam "SK Zaehringen 1921"]
[WhiteTeamCountry "GER"]
[BlackTeamCountry "GER"]

1. e4 c5 2. Nf3 d6 3. d4 cxd4 4. Nxd4 Nf6 5. Nc3 Nc6 6. Bc4 Qb6 7. Nxc6 bxc6 8.
O-O e6 9. Bf4 Qc5 10. Qd3 Be7 11. a3 d5 12. exd5 cxd5 13. Bb5+ Bd7 14. b4 Qb6
15. Bxd7+ Nxd7 16. Nb5 Rc8 17. Be3 Ne5 18. Qe2 Qb7 19. Nxa7 Rc4 20. c3 O-O 21.
a4 Rxc3 22. b5 Rxe3 23. Qxe3 Nc4 24. Qd4 Bf6 25. Qc5 Be7 1/2-1/2

[Event "Bundesliga 9798"]
[Site "Deutschland"]
[Date "1998.??.??"]
[Round "?.5"]
[White "Buenermann, Volker"]
[Black "Roos, Daniel"]
[Result "1/2-1/2"]
[WhiteElo "2320"]
[BlackElo "2420"]
[PlyCount "134"]
[EventDate "1997.10.??"]
[EventType "team"]
[EventRounds "15"]
[EventCountry "GER"]
[SourceTitle "Bundesliga 9798"]
[Source "DeepChess"]
[SourceDate "2005.01.01"]
[SourceVersion "1"]
[SourceVersionDate "2005.01.01"]
[SourceQuality "1"]
[WhiteTeam "SG Bochum 31"]
[BlackTeam "SK Zaehringen 1921"]
[WhiteTeamCountry "GER"]
[BlackTeamCountry "GER"]

1. e4 c6 2. d4 d5 3. e5 Bf5 4. Nf3 e6 5. Be2 Ne7 6. O-O h6 7. b3 Nd7 8. c4 Ng6
9. Be3 Be7 10. Nc3 O-O 11. a3 dxc4 12. Bxc4 c5 13. h3 cxd4 14. Bxd4 h5 15. Re1
a6 16. Ne4 Bxe4 17. Rxe4 Rc8 18. Bb2 Nb6 19. Bd3 Nd5 20. Rc1 Rxc1 21. Qxc1 Qb6
22. b4 Rd8 23. Bd4 Qc7 24. Qxc7 Nxc7 25. Be2 Nd5 26. Bb2 Ndf4 27. Kf1 Nxe2 28.
Kxe2 Rc8 29. Kd3 b5 30. g3 Kf8 31. Nd4 Bd8 32. Nb3 Ne7 33. Bd4 Nd5 34. Bc5+ Ke8
35. f4 g6 36. Re1 h4 37. Ke4 hxg3 38. Rg1 Bh4 39. Nd4 Ne7 40. Kf3 Nf5 41. Kg4
Be7 42. Nxf5 exf5+ 43. Kf3 Bxc5 44. Rc1 Rd8 45. Rxc5 Rd3+ 46. Kg2 Rxa3 47. Rc6
Ke7 48. Rb6 g5 49. fxg5 f4 50. Rf6 Ra2+ 51. Kg1 Rf2 52. h4 a5 53. bxa5 b4 54.
a6 b3 55. a7 Ra2 56. Rxf4 Rxa7 57. Rb4 Ra1+ 58. Kg2 Rb1 59. h5 Ke6 60. h6 Rc1
61. Rb8 b2 62. h7 Rc2+ 63. Kxg3 Rc3+ 64. Kg2 Rc2+ 65. Kh3 Rc3+ 66. Kg4 Rc4+ 67.
Kg3 Rc3+ 1/2-1/2

[Event "Bundesliga 9798"]
[Site "Deutschland"]
[Date "1998.??.??"]
[Round "?.6"]
[White "Maier, Christian"]
[Black "Kitte, Sebastian"]
[Result "0-1"]
[WhiteElo "2380"]
[BlackElo "2305"]
[PlyCount "82"]
[EventDate "1997.10.??"]
[EventType "team"]
[EventRounds "15"]
[EventCountry "GER"]
[SourceTitle "Bundesliga 9798"]
[Source "DeepChess"]
[SourceDate "2005.01.01"]
[SourceVersion "1"]
[SourceVersionDate "2005.01.01"]
[SourceQuality "1"]
[WhiteTeam "SK Zaehringen 1921"]
[BlackTeam "SG Bochum 31"]
[WhiteTeamCountry "GER"]
[BlackTeamCountry "GER"]

1. e4 c5 2. Nf3 e6 3. Nc3 d6 4. d4 cxd4 5. Nxd4 Nf6 6. Be3 Nc6 7. f3 Be7 8. Qd2
O-O 9. O-O-O d5 10. exd5 Nxd5 11. Nxd5 Qxd5 12. Kb1 Nxd4 13. Qxd4 Qxd4 14. Bxd4
Rd8 15. Be2 Bd7 16. Be3 b6 17. Rd2 Bc6 18. Rhd1 e5 19. c4 f5 20. Rxd8+ Rxd8 21.
Rxd8+ Bxd8 22. b4 Kf7 23. b5 Bb7 24. c5 bxc5 25. Bxc5 Bb6 26. Bc4+ Kf6 27. Bxb6
axb6 28. Kc2 g5 29. Kd2 e4 30. fxe4 Bxe4 31. g3 Ke5 32. Kc3 Bg2 33. a4 f4 34.
gxf4+ gxf4 35. Bg8 h6 36. Kd3 Be4+ 37. Kc3 Bg2 38. Kd3 Be4+ 39. Kc3 Bf5 40. Bf7
f3 41. Bc4 Bh3 0-1

[Event "Bundesliga 9798"]
[Site "Deutschland"]
[Date "1998.??.??"]
[Round "?.7"]
[White "De Gleria, Francesco"]
[Black "Roos, Jean Luc"]
[Result "0-1"]
[WhiteElo "2235"]
[BlackElo "2310"]
[PlyCount "80"]
[EventDate "1997.10.??"]
[EventType "team"]
[EventRounds "15"]
[EventCountry "GER"]
[SourceTitle "Bundesliga 9798"]
[Source "DeepChess"]
[SourceDate "2005.01.01"]
[SourceVersion "1"]
[SourceVersionDate "2005.01.01"]
[SourceQuality "1"]
[WhiteTeam "SG Bochum 31"]
[BlackTeam "SK Zaehringen 1921"]
[WhiteTeamCountry "GER"]
[BlackTeamCountry "GER"]

1. e4 e6 2. d4 d5 3. Nc3 Bb4 4. e5 c5 5. a3 Bxc3+ 6. bxc3 Qa5 7. Bd2 Ne7 8. Qg4
cxd4 9. cxd4 Qa4 10. c3 Kf8 11. Nh3 Nbc6 12. Nf4 b6 13. Nh5 Rg8 14. Qe2 Na5 15.
Qd3 h6 16. Qh7 Nb3 17. Qc2 Bd7 18. Rb1 Na5 19. Qh7 Qxa3 20. Bd3 Nc4 21. Bxh6
Qxc3+ 22. Ke2 gxh6 23. Qxh6+ Ke8 24. Rbc1 Qxd4 25. Nf6+ Kd8 26. Nxg8 Qg4+ 27.
Kf1 Qxg8 28. Qf6 Bb5 29. Kg1 Rc8 30. h4 Rc5 31. Rh2 Qg4 32. Qxf7 Nxe5 33. Qf8+
Be8 34. Rf1 Nxd3 35. h5 Nf4 36. h6 Nfg6 37. Qg7 Qc4 38. h7 Qc3 39. Qxc3 Rxc3
40. Rh6 a5 0-1

[Event "Bundesliga 9798"]
[Site "Deutschland"]
[Date "1998.??.??"]
[Round "?.8"]
[White "Herbrechtsmeier, Christof"]
[Black "Senff, Martin"]
[Result "1/2-1/2"]
[WhiteElo "2280"]
[BlackElo "2415"]
[PlyCount "59"]
[EventDate "1997.10.??"]
[EventType "team"]
[EventRounds "15"]
[EventCountry "GER"]
[SourceTitle "Bundesliga 9798"]
[Source "DeepChess"]
[SourceDate "2005.01.01"]
[SourceVersion "1"]
[SourceVersionDate "2005.01.01"]
[SourceQuality "1"]
[WhiteTeam "SK Zaehringen 1921"]
[BlackTeam "SG Bochum 31"]
[WhiteTeamCountry "GER"]
[BlackTeamCountry "GER"]

1. e4 c5 2. Nf3 Nc6 3. d4 cxd4 4. Nxd4 Nf6 5. Nc3 e5 6. Ndb5 d6 7. Bg5 a6 8.
Na3 b5 9. Bxf6 gxf6 10. Nd5 f5 11. Nxb5 axb5 12. Bxb5 Bb7 13. exf5 Ra5 14. Qd3
Bh6 15. b4 Rxb5 16. Qxb5 Ba8 17. Rd1 O-O 18. f6 Kh8 19. c3 Rg8 20. Rd3 Bf4 21.
Rh3 Rxg2 22. Kf1 Rg6 23. Rg1 Qc8 24. Nxf4 Rxg1+ 25. Kxg1 Qg4+ 26. Rg3 Qxf4 27.
Qd5 Bb7 28. Qb5 Ba8 29. Qd5 Bb7 30. Qb5 1/2-1/2

[Event "Bundesliga 9798"]
[Site "Deutschland"]
[Date "1998.??.??"]
[Round "?.1"]
[White "Krasenkow, Michal"]
[Black "Van der Sterren, Paul"]
[Result "1-0"]
[WhiteElo "2645"]
[BlackElo "2555"]
[PlyCount "125"]
[EventDate "1997.10.??"]
[EventType "team"]
[EventRounds "15"]
[EventCountry "GER"]
[SourceTitle "Bundesliga 9798"]
[Source "DeepChess"]
[SourceDate "2005.01.01"]
[SourceVersion "1"]
[SourceVersionDate "2005.01.01"]
[SourceQuality "1"]
[WhiteTeam "SG Bochum 31"]
[BlackTeam "SV Castrop Rauxel 1923"]
[WhiteTeamCountry "GER"]
[BlackTeamCountry "GER"]

1. c4 e5 2. Nc3 Nf6 3. Nf3 Nc6 4. d4 exd4 5. Nxd4 Bb4 6. g3 O-O 7. Bg2 Ne5 8.
Qb3 Bc5 9. Nf3 Nxf3+ 10. Bxf3 d6 11. O-O Re8 12. Na4 Bb6 13. Nxb6 axb6 14. Be3
Ng4 15. Bd4 Ne5 16. Bg2 Nc6 17. Be3 Qf6 18. Rfd1 Bf5 19. Rac1 Be4 20. f3 Bf5
21. Bf1 Qe6 22. Bf4 Bh3 23. Bxh3 Qxh3 24. e4 h6 25. g4 h5 26. gxh5 Ne5 27. Rf1
Qxh5 28. Rc2 Re6 29. Bg3 Nd7 30. a3 Nc5 31. Qc3 f5 32. Rg2 Rg6 33. e5 Rf8 34.
exd6 f4 35. Bf2 Rxg2+ 36. Kxg2 Qg6+ 37. Kh1 Qxd6 38. Rg1 Rf7 39. b4 Ne6 40. Qc2
Qc6 41. Qe2 Rf6 42. Qd3 Nf8 43. Bd4 Rg6 44. Be5 Rxg1+ 45. Kxg1 Ng6 46. Bc3 Nf8
47. Kg2 Qe6 48. b5 Kf7 49. Qd5 Qxd5 50. cxd5 Nd7 51. Bd4 g5 52. Kh3 Kg6 53. Kg4
Nf6+ 54. Bxf6 Kxf6 55. Kh5 Kf5 56. h3 Kf6 57. Kh6 Kf5 58. Kg7 Ke5 59. Kg6 Kxd5
60. Kxg5 c5 61. bxc6 bxc6 62. h4 c5 63. Kxf4 1-0

[Event "Bundesliga 9798"]
[Site "Deutschland"]
[Date "1998.??.??"]
[Round "?.2"]
[White "Conquest, Stuart"]
[Black "Keitlinghaus, Ludger"]
[Result "0-1"]
[WhiteElo "2500"]
[BlackElo "2525"]
[PlyCount "76"]
[EventDate "1997.10.??"]
[EventType "team"]
[EventRounds "15"]
[EventCountry "GER"]
[SourceTitle "Bundesliga 9798"]
[Source "DeepChess"]
[SourceDate "2005.01.01"]
[SourceVersion "1"]
[SourceVersionDate "2005.01.01"]
[SourceQuality "1"]
[WhiteTeam "SV Castrop Rauxel 1923"]
[BlackTeam "SG Bochum 31"]
[WhiteTeamCountry "GER"]
[BlackTeamCountry "GER"]

1. Nf3 Nf6 2. b3 d5 3. e3 Bf5 4. Be2 h6 5. Ba3 Nbd7 6. c4 e6 7. Bxf8 Nxf8 8.
Nc3 N8d7 9. O-O c6 10. Qc1 O-O 11. Rd1 Qe7 12. Qb2 Bg4 13. h3 Bh5 14. Rac1 a6
15. Ne1 Bxe2 16. Nxe2 Rac8 17. Rc2 Rfd8 18. Rdc1 c5 19. a3 e5 20. cxd5 Nxd5 21.
b4 b5 22. bxc5 Nxc5 23. Ng3 Na4 24. Qa1 Rxc2 25. Rxc2 Ndb6 26. d3 a5 27. Rc6
Qd7 28. Rc1 Qe7 29. Rc6 Qe8 30. Rc1 b4 31. axb4 axb4 32. Qb1 Qb5 33. Ne4 b3 34.
Kh2 Nd5 35. g4 b2 36. Rc4 Rb8 37. Rc2 Qb4 38. d4 Ndc3 0-1

[Event "Bundesliga 9798"]
[Site "Deutschland"]
[Date "1998.??.??"]
[Round "?.3"]
[White "Reschke, Stefan"]
[Black "King, Daniel J"]
[Result "1/2-1/2"]
[WhiteElo "2415"]
[BlackElo "2530"]
[PlyCount "49"]
[EventDate "1997.10.??"]
[EventType "team"]
[EventRounds "15"]
[EventCountry "GER"]
[SourceTitle "Bundesliga 9798"]
[Source "DeepChess"]
[SourceDate "2005.01.01"]
[SourceVersion "1"]
[SourceVersionDate "2005.01.01"]
[SourceQuality "1"]
[WhiteTeam "SG Bochum 31"]
[BlackTeam "SV Castrop Rauxel 1923"]
[WhiteTeamCountry "GER"]
[BlackTeamCountry "GER"]

1. d4 Nf6 2. c4 e6 3. g3 Bb4+ 4. Bd2 Be7 5. Bg2 d5 6. Nf3 O-O 7. Qc2 Nbd7 8.
O-O c6 9. Nc3 dxc4 10. Ne4 b5 11. Nxf6+ Bxf6 12. a4 Bb7 13. Bb4 Be7 14. Bd2 a6
15. b3 cxb3 16. Qxb3 Qb6 17. Rfb1 Nf6 18. e3 Rab8 19. Qb2 Rfc8 20. Ne5 c5 21.
dxc5 Bxc5 22. Bf1 Be4 23. Rc1 Qb7 24. axb5 axb5 25. Ra5 1/2-1/2

[Event "Bundesliga 9798"]
[Site "Deutschland"]
[Date "1998.??.??"]
[Round "?.4"]
[White "Hoffmann, Michael"]
[Black "Schmittdiel, Eckhard"]
[Result "1/2-1/2"]
[WhiteElo "2440"]
[BlackElo "2450"]
[PlyCount "47"]
[EventDate "1997.10.??"]
[EventType "team"]
[EventRounds "15"]
[EventCountry "GER"]
[SourceTitle "Bundesliga 9798"]
[Source "DeepChess"]
[SourceDate "2005.01.01"]
[SourceVersion "1"]
[SourceVersionDate "2005.01.01"]
[SourceQuality "1"]
[WhiteTeam "SV Castrop Rauxel 1923"]
[BlackTeam "SG Bochum 31"]
[WhiteTeamCountry "GER"]
[BlackTeamCountry "GER"]

1. e4 c5 2. Nf3 Nc6 3. d4 cxd4 4. Nxd4 e5 5. Nb5 d6 6. N1c3 a6 7. Na3 b5 8. Nd5
Be7 9. c4 b4 10. Nc2 a5 11. Bd3 Nf6 12. O-O O-O 13. b3 Nd7 14. a3 bxa3 15. Rxa3
Rb8 16. Nce3 Nc5 17. Bc2 Bg5 18. Bd2 Be6 19. Bc3 Bxe3 20. Nxe3 Rb7 21. Qd2 Qb8
22. Bxa5 Nxa5 23. Rxa5 Nxb3 24. Bxb3 1/2-1/2

[Event "Bundesliga 9798"]
[Site "Deutschland"]
[Date "1998.??.??"]
[Round "?.5"]
[White "Bosch, Jeroen"]
[Black "Watson, William N"]
[Result "1/2-1/2"]
[WhiteElo "2405"]
[BlackElo "2535"]
[PlyCount "54"]
[EventDate "1997.10.??"]
[EventType "team"]
[EventRounds "15"]
[EventCountry "GER"]
[SourceTitle "Bundesliga 9798"]
[Source "DeepChess"]
[SourceDate "2005.01.01"]
[SourceVersion "1"]
[SourceVersionDate "2005.01.01"]
[SourceQuality "1"]
[WhiteTeam "SG Bochum 31"]
[BlackTeam "SV Castrop Rauxel 1923"]
[WhiteTeamCountry "GER"]
[BlackTeamCountry "GER"]

1. e4 c5 2. Nf3 d6 3. d4 Nf6 4. dxc5 Qa5+ 5. Nc3 Nxe4 6. cxd6 Nxc3 7. bxc3 Nc6
8. Bd3 Qxc3+ 9. Bd2 Qa3 10. dxe7 Bxe7 11. O-O O-O 12. Qe2 Bf6 13. Qe4 g6 14.
Rab1 Rd8 15. Rfe1 Qd6 16. Bf4 Qd5 17. Qa4 Bg4 18. Be4 Qd7 19. Rxb7 Qxb7 20.
Bxc6 Bd7 21. Bxb7 Bxa4 22. Bxa8 Rxa8 23. c4 Rc8 24. Be3 Rxc4 25. Bxa7 Rc2 26.
Bd4 Bxd4 27. Nxd4 Rxa2 1/2-1/2

[Event "Bundesliga 9798"]
[Site "Deutschland"]
[Date "1998.??.??"]
[Round "?.7"]
[White "De Gleria, Francesco"]
[Black "Dinstuhl, Volkmar"]
[Result "1/2-1/2"]
[WhiteElo "2235"]
[BlackElo "2410"]
[PlyCount "77"]
[EventDate "1997.10.??"]
[EventType "team"]
[EventRounds "15"]
[EventCountry "GER"]
[SourceTitle "Bundesliga 9798"]
[Source "DeepChess"]
[SourceDate "2005.01.01"]
[SourceVersion "1"]
[SourceVersionDate "2005.01.01"]
[SourceQuality "1"]
[WhiteTeam "SG Bochum 31"]
[BlackTeam "SV Castrop Rauxel 1923"]
[WhiteTeamCountry "GER"]
[BlackTeamCountry "GER"]

1. e4 c5 2. Nf3 d6 3. d4 cxd4 4. Qxd4 Nc6 5. Bb5 Bg4 6. Nc3 a6 7. Bxc6+ bxc6 8.
Be3 e5 9. Qa4 Bd7 10. O-O-O Be7 11. Rd2 Nf6 12. Rhd1 O-O 13. Bc5 dxc5 14. Nxe5
Ra7 15. g4 Qe8 16. g5 Ng4 17. Nxd7 Nxf2 18. Nxf8 Nxd1 19. Rxd1 Bxg5+ 20. Kb1
Kxf8 21. Qa5 Be7 22. Na4 Rd7 23. Rxd7 Qxd7 24. a3 Qd1+ 25. Ka2 Qxc2 26. Qxa6 g6
27. Nc3 Qxh2 28. Qxc6 h5 29. Qc8+ Kg7 30. a4 h4 31. a5 Bf6 32. e5 Bxe5 33. a6
Bxc3 34. Qb7 Qe2 35. a7 Qc4+ 36. Qb3 Qa6+ 37. Qa3 Qc4+ 38. Kb1 Qd3+ 39. Ka2
1/2-1/2

[Event "Bundesliga 9798"]
[Site "Deutschland"]
[Date "1998.??.??"]
[Round "?.8"]
[White "Hennig, Dirk"]
[Black "Senff, Martin"]
[Result "1-0"]
[WhiteElo "2435"]
[BlackElo "2415"]
[PlyCount "67"]
[EventDate "1997.10.??"]
[EventType "team"]
[EventRounds "15"]
[EventCountry "GER"]
[SourceTitle "Bundesliga 9798"]
[Source "DeepChess"]
[SourceDate "2005.01.01"]
[SourceVersion "1"]
[SourceVersionDate "2005.01.01"]
[SourceQuality "1"]
[WhiteTeam "SV Castrop Rauxel 1923"]
[BlackTeam "SG Bochum 31"]
[WhiteTeamCountry "GER"]
[BlackTeamCountry "GER"]

1. d4 d5 2. Nf3 Nf6 3. c4 dxc4 4. e3 e6 5. Bxc4 c5 6. O-O a6 7. b3 b5 8. Bd3
Bb7 9. Bb2 Nbd7 10. Nbd2 cxd4 11. exd4 Be7 12. a4 bxa4 13. Rxa4 O-O 14. Nc4 Nb6
15. Ra1 Bb4 16. Nfe5 Nbd5 17. Qf3 Qe7 18. Rfc1 Rac8 19. Bf1 Rfd8 20. Nd3 Nc3
21. Qh3 Nb5 22. Nxb4 Qxb4 23. Ra4 Qe7 24. Rd1 Nd5 25. Re1 Nb4 26. Ne3 Qd6 27.
d5 Nxd5 28. Rg4 Ndc3 29. Nc4 Rxc4 30. bxc4 Qd2 31. cxb5 Qxb2 32. bxa6 Bc8 33.
Qe3 Nd1 34. Qc5 1-0

[Event "Bundesliga 9798"]
[Site "Deutschland"]
[Date "1997.??.??"]
[Round "?.1"]
[White "Epishin, Vladimir"]
[Black "Georgiev, Kiril"]
[Result "0-1"]
[WhiteElo "2570"]
[BlackElo "2670"]
[PlyCount "84"]
[EventDate "1997.10.??"]
[EventType "team"]
[EventRounds "15"]
[EventCountry "GER"]
[SourceTitle "Bundesliga 9798"]
[Source "DeepChess"]
[SourceDate "2005.01.01"]
[SourceVersion "1"]
[SourceVersionDate "2005.01.01"]
[SourceQuality "1"]
[WhiteTeam "SV Empor Berlin e.V."]
[BlackTeam "SG Bochum 31"]
[WhiteTeamCountry "GER"]
[BlackTeamCountry "GER"]

1. d4 Nf6 2. c4 c5 3. d5 b5 4. Nf3 g6 5. cxb5 a6 6. b6 Qxb6 7. Nc3 d6 8. e4 Bg7
9. Bc4 O-O 10. O-O Bg4 11. Qb3 Nfd7 12. Nd2 Qxb3 13. axb3 Nb6 14. Re1 Bc8 15.
Bf1 N8d7 16. Ra3 Re8 17. Rd1 Bb7 18. Na4 Reb8 19. Nc4 Nxc4 20. bxc4 Bc8 21. b3
Nb6 22. Nxb6 Rxb6 23. Bd3 a5 24. Bd2 Bb2 25. Ra2 Rxb3 26. Bc2 Rbb8 27. Rxa5
Rxa5 28. Bxa5 Bd4 29. Rb1 Ra8 30. Be1 f5 31. g3 Ra2 32. Bb3 Ra3 33. Bc2 Kf7 34.
Kg2 Bc3 35. h4 Bxe1 36. Rxe1 Rc3 37. Bb1 Rxc4 38. h5 fxe4 39. Bxe4 Bb7 40. f3
Rd4 41. hxg6+ hxg6 42. Kf2 Bxd5 0-1